000
00233 a2200097 4500
001
12707
100
_a
Valldorf,J
245
_a
Advanced microsystems for automotive application 2004.
260
_a
_b
Springer
_c
090
_c
9703
_d
9703
942
_a
NUST-CAE
_c
M
_c
36604
999
_c
247780
_d
247780